Kibaro Diman. (Record no. 40055)
[ view plain ]
| 000 -LEADER | |
|---|---|
| fixed length control field | 00801nam a22002411a 4500 |
| 005 - DATE AND TIME OF LATEST TRANSACTION | |
| control field | 20110718133145.0 |
| 008 - FIXED-LENGTH DATA ELEMENTS--GENERAL INFORMATION | |
| fixed length control field | 091005s1994 001 0 eng d |
| 020 ## - INTERNATIONAL STANDARD BOOK NUMBER | |
| Terms of availability | 0.00 |
| 040 ## - CATALOGING SOURCE | |
| Original cataloging agency | NEGST Library - Kenya |
| 050 #4 - LIBRARY OF CONGRESS CALL NUMBER | |
| Classification number | BS 325.D56 1994 |
| 082 0# - DEWEY DECIMAL CLASSIFICATION NUMBER | |
| Classification number | BS 325.D56 1994 |
| 100 1# - MAIN ENTRY--PERSONAL NAME | |
| Personal name | Association Ivoirienne pour la Traductio. |
| 245 10 - TITLE STATEMENT | |
| Title | Kibaro Diman. |
| 260 ## - PUBLICATION, DISTRIBUTION, ETC. (IMPRINT) | |
| Name of publisher, distributor, etc | Societe Biblique Interna, |
| Date of publication, distribution, etc | 1994. |
| 300 ## - PHYSICAL DESCRIPTION | |
| Extent | 626 p. : ill. |
| 500 ## - GENERAL NOTE | |
| General note | "Le Nouveau Testament en Dioula de Cote d'Ivoire." - T.p. verso. [Africana] |
| 600 10 - SUBJECT ADDED ENTRY--PERSONAL NAME | |
| Personal name | Bible. N.T. Dioula. 1994. |
| 600 10 - SUBJECT ADDED ENTRY--PERSONAL NAME | |
| Personal name | Dioula language - Bible. |
| 600 10 - SUBJECT ADDED ENTRY--PERSONAL NAME | |
| Personal name | Dioula language - Texts. |
| 600 10 - SUBJECT ADDED ENTRY--PERSONAL NAME | |
| Personal name | New Testament |
| General subdivision | Dioula. |
| 852 ## - LOCATION/CALL NUMBER | |
| -- | 12.00 |
| 852 ## - LOCATION/CALL NUMBER | |
| -- | 50.00 |
| Withdrawn status | Lost status | Source of classification or shelving scheme | Damaged status | Not for loan | Collection code | Home library | Current library | Shelving location | Date acquired | Cost, normal purchase price | Total Checkouts | Full call number | Barcode | Date last seen | Copy number | Price effective from | Koha item type | Source of acquisition |
|---|---|---|---|---|---|---|---|---|---|---|---|---|---|---|---|---|---|---|
| Library of Congress Classification | Reference | AIU/NEGST - Tony Wilmot Memorial Library | AIU/NEGST - Tony Wilmot Memorial Library | Reference | 02/05/2010 | 50.00 | REF BS 325.D56 1994 | R175413232 | 07/09/2014 | 1 | 02/05/2010 | Books | ||||||
| Library of Congress Classification | Reference | AIU/NEGST - Tony Wilmot Memorial Library | AIU/NEGST - Tony Wilmot Memorial Library | Reference | 07/26/2018 | REF BS 325.D56 1994 | R17541W3232 | 09/26/2019 | 07/26/2018 | Africana collection ( Reference) | ||||||||
| Library of Congress Classification | Reference | AIU/NEGST - Tony Wilmot Memorial Library | AIU/NEGST - Tony Wilmot Memorial Library | Reference | 06/21/2016 | 30.00 | REF BS 325.D56 1994 | T00333W3232 | 09/26/2019 | 3 | 11/09/2018 | Reference | Donation - SIL Sudan |
